00676 2200181 4500001002100000005001500021035002000036007000300056008003900059082002400098084003100122100002200153245014100175260003300316300002200349650009500371856002800466INLIS00000000000615420240131024905 a0010-0124000232ta240131 | | |  a616. 9 072 598 15 6 a616. 9 072 598 15 6 BAS f0 aBASO ASRUL JUANDI1 aFAKTOR FAKTOR YANG BERHUBUNGAN DENGAN KEJADIAN PENYAKIT MALARIA DI WILAYAH KERJA PUSKESMAS SIMPANG SIPIN KOTA JAMBI /cBASO ASRUL JUANDI aJambi :bSTIKES PRIMA,c2014 axiii,75.p ;c30cm 4aFAKTOR FAKTOR YANG BERHUBUNGAN DENGAN KEJADIAN PENYAKIT MALARIA DI WILAYAH KERJA PUSKESMAS aS1 Kesehatan Masyarakat